| 000 | 00629nam a2200133Ia 4500 | ||
|---|---|---|---|
| 008 | 220620s9999||||xx |||||||||||||| ||und|| | ||
| 100 | _aPetriÄek, Matic||Rop, Anton||Gereben, Ãron||Winkler, Adalbert | ||
| 245 | 0 |
_aEIB Working Papers 2019/09 - The impact of international financial institutions on small and medium enterprises _bThe case of EIB lending in Central and Eastern Europe (Volume 2019/9) |
|
| 546 | _aEnglish[eng] | ||
| 650 | _aBusiness & Economics||Finance||General | ||
| 700 | _aEuropean Investment Bank | ||
| 856 | _uhttps://library.oapen.org/bitstream/20.500.12657/43417/1/external_content.pdf | ||
| 942 | _cEB | ||
| 999 |
_c25088 _d25088 |
||